Požiadavky na označovanie diskvalifikácia potravín v dôsledku nesprávnych výživových a zdravotných tvrdení a ochrana spotrebiteľa

Potraviny uvádzané na trh u nás a vo svete môžu byť diskvalifikované v dôsledku nesprávnych výživových tvrdení. Požiadavky na reguláciu zdravotných tvrdení. Diskvalifikačné kritériá. Obmedzenia používania určitých zdravotných tvrdení. Príklady výživových tvrdení, ktoré sa na ne vzťahujú.

Gespeichert in:
Bibliographische Detailangaben
1. Verfasser: Golian, Jozef
Weitere Verfasser: Sokol, Jozef, Zajac, Peter
Format: Buchkapitel
Sprache:Slowakisch
Schlagworte:
Tags: Tag hinzufügen
Keine Tags, Fügen Sie das erste Tag hinzu!

MARC

LEADER 00000naa$a2200000$$$4500
001 0057082
005 20231108141725.9
041 0 |a slo 
044 |a SK 
245 1 0 |a Požiadavky na označovanie  |b diskvalifikácia potravín v dôsledku nesprávnych výživových a zdravotných tvrdení a ochrana spotrebiteľa  |c Jozef Golian, Jozef Sokol, Peter Zajac 
520 |a Potraviny uvádzané na trh u nás a vo svete môžu byť diskvalifikované v dôsledku nesprávnych výživových tvrdení. Požiadavky na reguláciu zdravotných tvrdení. Diskvalifikačné kritériá. Obmedzenia používania určitých zdravotných tvrdení. Príklady výživových tvrdení, ktoré sa na ne vzťahujú. 
610 2 0 |a potraviny 
610 2 0 |a bezpečnosť potravinová 
610 2 0 |a ochrana zdravia 
610 2 0 |a ochrana spotrebiteľa 
610 2 0 |a označovanie tovarov 
100 1 |a Golian, Jozef 
700 1 |a Sokol, Jozef 
700 1 |a Zajac, Peter